000 00636nam a2200217 a 4500
999 _c3548
_d3548
001 3548
003 BD-JhCC
005 20171114194340.0
008 171114s1990 bg |||| ||a| 000 0 ben d
035 _a(BD-JhCC)3548
040 _aBD-JhCC
_dBD-JhCC
041 _aben
082 _a891.4435
_bHAQ 1990
100 _aহক, সৈয়দ শামসুল
245 _aশ্রেষ্ঠ গল্প /
_cসৈয়দ শামসুল হক,
260 _aঢাকা :
_bবিদ্যাপ্রকাশ,
_c1990
300 _a215 p. :
_c22 cm.
650 _aBengali Stories
942 _2ddc
_cBK